[Event "Titled Tuesday intern op 20th May Late"]
[Site "Chess.com INT"]
[Date "2025.05.20"]
[Round "2"]
[White "Jedryczka, Krystian"]
[Black "Bian, Alex"]
[Result "1-0"]
[WhiteElo "2084"]
[BlackElo "2342"]
[PlyCount "87"]
[EventDate "2025.05.20"]
[EventType "swiss (blitz)"]
[EventRounds "11"]
[EventCountry "USA"]
[SourceTitle "CB22_2025"]
[SourceDate "2025.05.28"]
[SourceVersion "1"]
[SourceVersionDate "2025.05.28"]
[SourceQuality "1"]

1. e4 c5 2. Nf3 Nc6 3. Nc3 g6 4. Bb5 Bg7 5. 0-0 Nf6 6. Re1 0-0 7. h3 d5 8. exd5 Nxd5 9. Bxc6 Nxc3 10. bxc3 bxc6 11. a4 c4 12. Qe2 Be6 13. Ba3 Bf6 14. a5 Re8 15. Bc5 Qd5 16. Bd4 Bxd4 17. Nxd4 Bd7 18. a6 e5 19. Nf3 f6 20. Qe3 Bf5 21. Ra2 Reb8 22. Qh6 Qf7 23. Nh4 Be6 24. Ra5 Rb6 25. Kh2 Rd8 26. Nf3 Bd5 27. Nh4 Rb2 28. Re3 Rxc2 29. Rg3 Be4 30. Rc5 Rb8 31. Qe3 Bd3 32. Rxc6 Rc1 33. Qc5 Rbb1 34. Rc8+ Kg7 35. Rxd3 cxd3 36. Rc7 Qxc7 37. Qxc7+ Kh6 38. Nf3 e4 39. Nd4 f5 40. Qf4+ Kg7 41. Qe5+ Kh6 42. Ne6 Kh5 43. Qg7 f4 44. Qxh7# 1-0

[Event "Titled Tuesday intern op 20th May Late"]
[Site "Chess.com INT"]
[Date "2025.05.20"]
[Round "8"]
[White "Wu, Derek"]
[Black "Jedryczka, Krystian"]
[Result "0-1"]
[WhiteElo "2232"]
[BlackElo "2084"]
[PlyCount "22"]
[EventDate "2025.05.20"]
[EventType "swiss (blitz)"]
[EventRounds "11"]
[EventCountry "USA"]
[SourceTitle "CB22_2025"]
[SourceDate "2025.05.28"]
[SourceVersion "1"]
[SourceVersionDate "2025.05.28"]
[SourceQuality "1"]

1. d4 f5 2. Nc3 d5 3. Bf4 c6 4. e3 Nf6 5. Bd3 e6 6. h3 Bd6 7. Nge2 0-0 8. g4 Ne4 9. f3 Qh4+ 10. Ng3 Nxg3 11. Bxd6 Ne4+ 0-1

[Event "Titled Tuesday intern op 20th May Late"]
[Site "Chess.com INT"]
[Date "2025.05.20"]
[Round "4"]
[White "Wuebker, Paul Luca"]
[Black "Jedryczka, Krystian"]
[Result "0-1"]
[WhiteElo "2244"]
[BlackElo "2084"]
[PlyCount "86"]
[EventDate "2025.05.20"]
[EventType "swiss (blitz)"]
[EventRounds "11"]
[EventCountry "USA"]
[SourceTitle "CB22_2025"]
[SourceDate "2025.05.28"]
[SourceVersion "1"]
[SourceVersionDate "2025.05.28"]
[SourceQuality "1"]

1. e4 e5 2. Nf3 Nc6 3. Bb5 a6 4. Ba4 Nf6 5. 0-0 Nxe4 6. d4 b5 7. Bb3 d5 8. Re1 Be6 9. Nbd2 Nxd2 10. Bxd2 e4 11. Ng5 Nxd4 12. Nxe6 Nxe6 13. f3 Bc5+ 14. Kh1 exf3 15. Qxf3 c6 16. Qc3 Qd6 17. Qxg7 0-0-0 18. Qxf7 Nc7 19. Bf4 Qd7 20. Qxd7+ Rxd7 21. a4 b4 22. g3 h5 23. Kg2 h4 24. g4 h3+ 25. Kg3 Rf7 26. Rf1 Ne6 27. Be5 Rhf8 28. Rxf7 Rxf7 29. Kxh3 Ng5+ 30. Kg3 Ne4+ 31. Kh3 Rf3+ 32. Kh4 Be7+ 33. Kh5 Rh3+ 34. Kg6 Kd7 35. Bg3 Rh8 36. Re1 Rg8+ 37. Kf5 Rf8+ 38. Kg6 Rg8+ 39. Kh7 Rxg4 40. Re3 Ng5+ 41. Kg6 Ne6+ 42. Kh5 Rg5+ 43. Kh6 Rf5 0-1

[Event "Titled Tuesday intern op 06th May Early"]
[Site "Chess.com INT"]
[Date "2025.05.06"]
[Round "3"]
[White "Fernandez Siles, Luis"]
[Black "Jedryczka, Krystian"]
[Result "1-0"]
[WhiteElo "2170"]
[BlackElo "2084"]
[PlyCount "77"]
[EventDate "2025.05.06"]
[EventType "swiss (blitz)"]
[EventRounds "11"]
[EventCountry "USA"]
[SourceTitle "CB20_2025"]
[SourceDate "2025.05.14"]
[SourceVersion "1"]
[SourceVersionDate "2025.05.14"]
[SourceQuality "1"]

1. d4 g6 2. Nf3 Bg7 3. c4 d6 4. Nc3 Nf6 5. e4 0-0 6. Be2 c6 7. 0-0 Nbd7 8. h3 e5 9. Be3 Nh5 10. Qd2 Qe7 11. Rfe1 a5 12. Rad1 a4 13. Bf1 a3 14. b4 Re8 15. d5 Bf8 16. dxc6 bxc6 17. b5 Bb7 18. bxc6 Bxc6 19. Nb5 Bxe4 20. Bg5 f6 21. Rxe4 fxg5 22. Nc7 Ndf6 23. Nxa8 Nxe4 24. Qd5+ Kh8 25. Qxe4 Qa7 26. Nxg5 Rxa8 27. c5 Re8 28. cxd6 Qd7 29. Bc4 Nf4 30. Nf7+ Kg7 31. Nxe5 Bxd6 32. Qxf4 Qc7 33. Qf7+ Qxf7 34. Nxf7 Bb4 35. Ng5 Rc8 36. Bb3 Rc3 37. Rd7+ Kf6 38. Ne4+ Ke5 39. Nxc3 1-0

[Event "Titled Tuesday intern op 06th May Early"]
[Site "Chess.com INT"]
[Date "2025.05.06"]
[Round "2"]
[White "Gao, Raymond"]
[Black "Jedryczka, Krystian"]
[Result "1-0"]
[WhiteElo "2007"]
[BlackElo "2084"]
[PlyCount "87"]
[EventDate "2025.05.06"]
[EventType "swiss (blitz)"]
[EventRounds "11"]
[EventCountry "USA"]
[SourceTitle "CB20_2025"]
[SourceDate "2025.05.14"]
[SourceVersion "1"]
[SourceVersionDate "2025.05.14"]
[SourceQuality "1"]

1. Nf3 g6 2. h4 h5 3. e4 Bg7 4. d4 d6 5. Bc4 c6 6. Ng5 d5 7. Bb3 Nf6 8. Nc3 0-0 9. e5 Nh7 10. Ne2 Bg4 11. f3 Bd7 12. c3 f6 13. Nxh7 Kxh7 14. Bc2 fxe5 15. dxe5 Bf5 16. Ng3 e6 17. Nxf5 exf5 18. f4 Nd7 19. Be3 Qe7 20. Qd3 b5 21. 0-0-0 a5 22. g4 b4 23. gxf5 Rxf5 24. Qe2 Raf8 25. Rdg1 bxc3 26. Bxf5 cxb2+ 27. Kb1 Rxf5 28. Rg5 Qe6 29. Rhg1 Nf8 30. Bc5 Rxf4 31. Bxf8 Rxf8 32. Rxg6 Qf5+ 33. Qc2 Qxc2+ 34. Kxc2 Bxe5 35. R6g5 Rf2+ 36. Kb1 Bf4 37. Rg7+ Kh8 38. Rg8+ Kh7 39. R1g7+ Kh6 40. Rg6+ Kh7 41. R8g7+ Kh8 42. Rg8+ Kh7 43. R8g7+ Kh8 44. Rg8+ 1-0

[Event "Titled Tuesday intern op 28th Jan Early"]
[Site "Chess.com INT"]
[Date "2025.01.28"]
[Round "11"]
[White "Caceres Benitez, Arturo Eduardo"]
[Black "Jedryczka, Krystian"]
[Result "1-0"]
[WhiteElo "2290"]
[BlackElo "2084"]
[PlyCount "109"]
[EventDate "2025.01.28"]
[EventType "swiss (blitz)"]
[EventRounds "11"]
[EventCountry "USA"]
[SourceTitle "CB06_2025"]
[SourceDate "2025.02.05"]
[SourceVersion "1"]
[SourceVersionDate "2025.02.05"]
[SourceQuality "1"]

1. d4 f5 2. Nf3 Nf6 3. h3 d6 4. g4 fxg4 5. hxg4 Bxg4 6. Qd3 Qd7 7. Ng5 Nc6 8. f3 Bf5 9. e4 Bg6 10. Bh3 e6 11. Bxe6 Qe7 12. Qb5 Rb8 13. d5 a6 14. Qa4 b5 15. Qxa6 Nd8 16. Nc3 Nd7 17. Be3 Nc5 18. Bxc5 Qxg5 19. Bf2 b4 20. Nb5 Nxe6 21. Qc6+ Ke7 22. dxe6 Qxb5 23. Qxc7+ Kxe6 24. 0-0-0 Be7 25. Rd5 Qa6 26. Qa7 Qxa7 27. Bxa7 Ra8 28. Bd4 Rxa2 29. Kd2 Bf6 30. Bxf6 gxf6 31. Rd1 Rxb2 32. Kc1 Ra2 33. Rxd6+ Ke5 34. R1d5+ Kf4 35. Rxf6+ Ke3 36. Rd3+ Kf2 37. Kb1 Rha8 38. Rd4 Ra1+ 39. Kb2 R8a2+ 40. Kb3 Ra3+ 41. Kxb4 Rxf3 42. Rd2+ Kg3 43. Rd3 Rxd3 44. cxd3 Rd1 45. Kc4 Kg4 46. Rf2 h5 47. Rg2+ Kf4 48. Rxg6 h4 49. Rh6 Kg4 50. Rh8 h3 51. e5 Kf5 52. d4 Rh1 53. Kd5 h2 54. Kd6 Rd1 55. Rh5+ 1-0

[Event "Titled Tuesday intern op 28th Jan Early"]
[Site "Chess.com INT"]
[Date "2025.01.28"]
[Round "5"]
[White "Hiwale, Ronak"]
[Black "Jedryczka, Krystian"]
[Result "0-1"]
[WhiteElo "2093"]
[BlackElo "2084"]
[PlyCount "150"]
[EventDate "2025.01.28"]
[EventType "swiss (blitz)"]
[EventRounds "11"]
[EventCountry "USA"]
[SourceTitle "CB06_2025"]
[SourceDate "2025.02.05"]
[SourceVersion "1"]
[SourceVersionDate "2025.02.05"]
[SourceQuality "1"]

1. Nf3 f5 2. g3 Nf6 3. Bg2 d6 4. d3 e5 5. 0-0 Be7 6. Nc3 c6 7. e4 0-0 8. exf5 Bxf5 9. h3 Qd7 10. Kh2 Na6 11. Ng5 h6 12. Nge4 d5 13. Nxf6+ Bxf6 14. f4 Rae8 15. fxe5 Bxe5 16. Bf4 Bd4 17. Ne2 Bxb2 18. Rb1 Bf6 19. g4 Bg6 20. Ng3 Nc5 21. Qd2 Bh4 22. Rbe1 Rxe1 23. Rxe1 Ne6 24. Be5 Ng5 25. Rf1 Rxf1 26. Nxf1 Qf7 27. Qf4 Ne6 28. Qxf7+ Kxf7 29. Ne3 Bg5 30. Nf5 Bxf5 31. gxf5 Bf4+ 32. Bxf4 Nxf4 33. Bf3 Kf6 34. Kg3 Kxf5 35. Bg4+ Ke5 36. Bc8 Ne2+ 37. Kf2 Nd4 38. c3 Nb5 39. Bxb7 Nxc3 40. Bxc6 Nxa2 41. Ke3 Nb4 42. d4+ Kd6 43. Ba4 Nc6 44. h4 Ne7 45. Bc2 g5 46. hxg5 hxg5 47. Kf3 Ke6 48. Kg4 Kf6 49. Bb3 a5 50. Ba4 Nc8 51. Kf3 Nb6 52. Bc2 a4 53. Bb1 a3 54. Ba2 Na4 55. Bxd5 Nc3 56. Bc4 a2 57. Bxa2 Nxa2 58. d5 Nb4 59. d6 Nc6 60. d7 Nd8 61. Kg4 Kg6 62. Kg3 Kf5 63. Kf3 g4+ 64. Kg3 Kg5 65. Kg2 Kf4 66. Kf2 Ne6 67. Kg2 g3 68. Kg1 Kf3 69. d8Q Nxd8 70. Kh1 Ne6 71. Kg1 Nf4 72. Kh1 g2+ 73. Kh2 Ne2 74. Kh3 g1Q 75. Kh4 Qg4# 0-1

[Event "Titled Tuesday intern op 21st Jan Late"]
[Site "Chess.com INT"]
[Date "2025.01.21"]
[Round "3"]
[White "Jedryczka, Krystian"]
[Black "Rog, Bartlomiej"]
[Result "0-1"]
[WhiteElo "2084"]
[BlackElo "2277"]
[PlyCount "74"]
[EventDate "2025.01.21"]
[EventType "swiss (blitz)"]
[EventRounds "11"]
[EventCountry "USA"]
[SourceTitle "CB05_2025"]
[SourceDate "2025.01.29"]
[SourceVersion "1"]
[SourceVersionDate "2025.01.29"]
[SourceQuality "1"]

1. g3 d5 2. Bg2 Nf6 3. d3 Nbd7 4. Nf3 e5 5. 0-0 Bd6 6. Nc3 c6 7. e4 0-0 8. Bg5 h6 9. Bh4 d4 10. Ne2 g5 11. Nxg5 hxg5 12. Bxg5 Be7 13. h3 Kg7 14. f4 Nh7 15. Bxe7 Qxe7 16. f5 Qg5 17. Rf3 Nhf6 18. g4 Rh8 19. Qe1 Kf8 20. c3 c5 21. cxd4 exd4 22. Nxd4 cxd4 23. e5 Nd5 24. Qe4 N7b6 25. Qxd4 Bd7 26. Re1 Qd2 27. Ref1 Qb4 28. Qf2 Bc6 29. Rg3 Ne7 30. f6 Ng6 31. Qf5 Qd4+ 32. Kh2 Bxg2 33. Kxg2 Nh4+ 34. Kh2 Nxf5 35. gxf5 Qxe5 36. Rfg1 Rg8 37. d4 Qf4 0-1

[Event "Titled Tuesday intern op 21st Jan Late"]
[Site "Chess.com INT"]
[Date "2025.01.21"]
[Round "10"]
[White "Jedryczka, Krystian"]
[Black "Yevchenko, Alexander"]
[Result "1-0"]
[WhiteElo "2084"]
[BlackElo "2276"]
[PlyCount "63"]
[EventDate "2025.01.21"]
[EventType "swiss (blitz)"]
[EventRounds "11"]
[EventCountry "USA"]
[SourceTitle "CB05_2025"]
[SourceDate "2025.01.29"]
[SourceVersion "1"]
[SourceVersionDate "2025.01.29"]
[SourceQuality "1"]

1. g3 d5 2. Bg2 c5 3. d3 Nc6 4. Nf3 Nf6 5. 0-0 e5 6. c3 Be7 7. Nbd2 0-0 8. e4 d4 9. c4 a6 10. a3 b5 11. Nh4 Be6 12. Nf5 bxc4 13. Nxc4 Rc8 14. h3 g6 15. Nxe7+ Qxe7 16. Bg5 Kg7 17. f4 Bxc4 18. fxe5 Kg8 19. Bxf6 Qe6 20. dxc4 Nxe5 21. Qd2 Nd7 22. e5 Nxf6 23. exf6 Qe3+ 24. Qxe3 dxe3 25. Rae1 Rfe8 26. Bd5 Rb8 27. Rf3 Rxb2 28. Rfxe3 Rf8 29. Re8 Rb3 30. R1e7 Rb1+ 31. Kf2 Rb2+ 32. Kf3 1-0

[Event "Titled Tuesday intern op 14th Jan Early"]
[Site "Chess.com INT"]
[Date "2025.01.14"]
[Round "10"]
[White "Jedryczka, Krystian"]
[Black "Pereyra, Gabriel Elias"]
[Result "0-1"]
[WhiteElo "2084"]
[BlackElo "2041"]
[PlyCount "92"]
[EventDate "2025.01.14"]
[EventType "swiss (blitz)"]
[EventRounds "11"]
[EventCountry "USA"]
[SourceTitle "CB04_2025"]
[SourceDate "2025.01.22"]
[SourceVersion "1"]
[SourceVersionDate "2025.01.22"]
[SourceQuality "1"]

1. g3 d5 2. Bg2 c6 3. d3 Nf6 4. c3 g6 5. Nf3 Bg7 6. h3 0-0 7. 0-0 Re8 8. Nbd2 e5 9. e4 a5 10. a4 Na6 11. Re1 Nc5 12. Nb3 Nxb3 13. Qxb3 dxe4 14. dxe4 Qc7 15. Bf1 Be6 16. Qc2 h6 17. Be3 Nd7 18. g4 Nf8 19. Red1 g5 20. Bc5 Rad8 21. Rxd8 Rxd8 22. Rd1 Ng6 23. b4 Bf8 24. Be3 Rxd1 25. Qxd1 axb4 26. cxb4 Bxb4 27. Qb1 c5 28. Qb2 Qd6 29. Nd2 Nf4 30. Kh2 f6 31. Nc4 Qd8 32. a5 Kg7 33. Nb6 Bxa5 34. Bxc5 Bxb6 35. Bxb6 Qd7 36. Be3 Qf7 37. Qb6 Kg6 38. Bb5 Bc4 39. Ba4 Ne6 40. Qa7 Ng7 41. Qb8 Be6 42. f3 h5 43. Kg3 h4+ 44. Kf2 Qd7 45. Qa7 Qe7 46. Qb8 Qf7 0-1

[Event "Titled Tuesday intern op 14th Jan Early"]
[Site "Chess.com INT"]
[Date "2025.01.14"]
[Round "1"]
[White "Smieszek, Wojciech"]
[Black "Jedryczka, Krystian"]
[Result "1-0"]
[WhiteElo "2141"]
[BlackElo "2084"]
[PlyCount "71"]
[EventDate "2025.01.14"]
[EventType "swiss (blitz)"]
[EventRounds "11"]
[EventCountry "USA"]
[SourceTitle "CB04_2025"]
[SourceDate "2025.01.22"]
[SourceVersion "1"]
[SourceVersionDate "2025.01.22"]
[SourceQuality "1"]

1. e4 e5 2. Nf3 Nc6 3. Bb5 a6 4. Ba4 Nf6 5. Qe2 b5 6. Bb3 Bc5 7. a4 b4 8. Bxf7+ Kf8 9. Ba2 h6 10. d3 Qe7 11. Be3 d6 12. h3 Rb8 13. Nbd2 Be6 14. Bxc5 dxc5 15. Nc4 Bf7 16. 0-0 g6 17. Nfd2 Kg7 18. f4 Nd4 19. Qf2 exf4 20. Qxf4 Rbf8 21. Qf2 Nh5 22. Nf3 Bxc4 23. Bxc4 Nxf3+ 24. gxf3 Nf4 25. Kh2 Nh5 26. d4 Rf4 27. dxc5 Rhf8 28. Qd4+ Kh7 29. Rad1 Qg5 30. Rg1 Qh4 31. Qe5 Ng7 32. Rd7 R4f6 33. Qe7 R8f7 34. Bxf7 Qf4+ 35. Rg3 Qd2+ 36. Rxd2 1-0

[Event "Titled Tuesday intern op 28th May Late"]
[Site "Chess.com INT"]
[Date "2024.05.28"]
[Round "11"]
[White "Aponte, Oriana Isabel"]
[Black "Jedryczka, Krystian"]
[Result "1-0"]
[WhiteElo "1998"]
[BlackElo "2106"]
[PlyCount "67"]
[EventDate "2024.05.28"]
[EventType "swiss (blitz)"]
[EventRounds "11"]
[EventCountry "USA"]
[SourceTitle "EXT 2025"]
[Source "ChessBase"]
[SourceDate "2024.10.14"]
[SourceVersion "1"]
[SourceVersionDate "2024.10.14"]
[SourceQuality "1"]

1. e4 g6 2. d4 Bg7 3. c4 d6 4. Nc3 c6 5. Nf3 Bg4 6. Be2 Nd7 7. h3 Bxf3 8. Bxf3 e5 9. Be3 Ngf6 10. 0-0 0-0 11. Qd2 Re8 12. Rad1 Qa5 13. dxe5 dxe5 14. Bh6 Bxh6 15. Qxh6 Nf8 16. Bg4 Qc5 17. b3 Rad8 18. Qg5 Rxd1 19. Rxd1 Nxg4 20. Qxg4 Qb4 21. Qf3 Qe7 22. Qd3 Qg5 23. Ne2 Ne6 24. Qc3 Qh5 25. Re1 Rd8 26. Ng3 Qg5 27. Qb4 Rd2 28. Qxb7 Rxf2 29. Kxf2 Qf4+ 30. Kg1 Qxg3 31. Rf1 Qe3+ 32. Kh1 Qg3 33. Qxf7+ Kh8 34. Qxe6 1-0

[Event "Titled Tuesday intern op 28th May Late"]
[Site "Chess.com INT"]
[Date "2024.05.28"]
[Round "2"]
[White "Jedryczka, Krystian"]
[Black "Rioseco Pinochet, Fernando Luis"]
[Result "1-0"]
[WhiteElo "2106"]
[BlackElo "2139"]
[PlyCount "109"]
[EventDate "2024.05.28"]
[EventType "swiss (blitz)"]
[EventRounds "11"]
[EventCountry "USA"]
[SourceTitle "EXT 2025"]
[Source "ChessBase"]
[SourceDate "2024.10.14"]
[SourceVersion "1"]
[SourceVersionDate "2024.10.14"]
[SourceQuality "1"]

1. b3 e5 2. Bb2 Nc6 3. e3 f6 4. Nf3 d5 5. Be2 Bd6 6. d4 e4 7. Nfd2 Nce7 8. a3 c6 9. c4 f5 10. Nc3 Nf6 11. b4 Be6 12. g3 0-0 13. Qc2 h5 14. h4 Ng4 15. Bf1 Nxe3 16. fxe3 Bxg3+ 17. Kd1 f4 18. Ne2 Nf5 19. Kc1 Nxe3 20. Qc3 Bf2 21. Nxe4 Nxc4 22. Nxf2 f3 23. Ng3 Qd6 24. Rg1 Qf4+ 25. Kb1 a5 26. Bd3 axb4 27. Qxb4 b5 28. Nxh5 Qxh4 29. Rxg7+ Kh8 30. Rh7+ Kg8 31. Nf6+ Qxf6 32. Ka2 Qg5 33. Rah1 Bf5 34. R7h5 Qg6 35. Bxf5 Rxf5 36. Rh8+ Kg7 37. Rxa8 Qg2 38. Qe1 Rf7 39. Rg1 Kf6 40. Rxg2 fxg2 41. Qg1 Rg7 42. Rc8 Kf5 43. Rxc6 Ne3 44. Rc3 Kf4 45. Rxe3 Kxe3 46. Ng4+ Kf3 47. Ne5+ Ke4 48. Bc1 Kf5 49. Be3 Ke6 50. Qh2 g1Q 51. Bxg1 Rg5 52. Qh6+ Kf5 53. Be3 Rg2+ 54. Kb3 Ke4 55. Qf4# 1-0

[Event "Titled Tuesday intern op 28th May Late"]
[Site "Chess.com INT"]
[Date "2024.05.28"]
[Round "7"]
[White "Shapiro, Daniel E"]
[Black "Jedryczka, Krystian"]
[Result "1-0"]
[WhiteElo "2284"]
[BlackElo "2106"]
[PlyCount "73"]
[EventDate "2024.05.28"]
[EventType "swiss (blitz)"]
[EventRounds "11"]
[EventCountry "USA"]
[SourceTitle "EXT 2025"]
[Source "ChessBase"]
[SourceDate "2024.10.14"]
[SourceVersion "1"]
[SourceVersionDate "2024.10.14"]
[SourceQuality "1"]

1. d4 g6 2. e4 Bg7 3. Nc3 d6 4. h3 c6 5. a4 Nd7 6. Nge2 e5 7. Be3 Ngf6 8. g4 Qa5 9. Bg2 0-0 10. 0-0 Qb4 11. Ra3 exd4 12. Bxd4 Nc5 13. Na2 Qc4 14. f3 a5 15. Re1 h5 16. Bf1 Qe6 17. Nf4 Qe7 18. e5 dxe5 19. Rxe5 Ne6 20. Bc5 Qxc5+ 21. Rxc5 Nxc5 22. gxh5 gxh5 23. Nc3 Bf5 24. Qe1 Kh7 25. Qf2 Ne6 26. Bd3 Bxd3 27. Nxd3 Bh6 28. Ne4 Rg8+ 29. Kh1 Nd5 30. c4 Ne3 31. Nf6+ Kh8 32. Nxg8 Rxg8 33. Ne5 Nf5 34. Nxf7+ Kh7 35. Nxh6 Kxh6 36. Qc2 Kh7 37. Qxf5+ 1-0